Organizačný rozvoj a moderný manažment v procese zmien

Gespeichert in:
Bibliographische Detailangaben
1. Verfasser: Antošová, Mária, 1965-
Weitere Verfasser: Rakušan, Karel
Format: Buchkapitel
Sprache:Slowakisch
Tags: Tag hinzufügen
Keine Tags, Fügen Sie das erste Tag hinzu!

MARC

LEADER 00000naa$a2200000$$$4500
001 0312095
005 20250908083513.0
041 0 |a slo 
044 |a SK 
245 1 0 |a Organizačný rozvoj a moderný manažment v procese zmien  |c Mária Antošová, Karel Rakušan 
100 1 |a Antošová, Mária, 1965- 
700 1 |a Rakušan, Karel